000 02017cam a22004212 4500
001 0000025368
005 20151217154525.0
008 150821s xx 000 0 eng d
020 _a9966151131
040 _aKABU
_cKABU
100 1 _aTibihikirra-Kalyegira, pamela.
_@0000186026
245 1 0 _aLiberalization of legal Education in uganda :
_bPolicy considerations /
_cby Pamela Tibihikirra-Kalyegira.
260 _aNairobi, Kenya :
_blawAfrica,
_c2010.
300 _axix, 146p. :
_bill.
650 0 _aLaw
_xstudy and teaching
_zUganda.
_@0000186027
852 1 _9p800 KES
852 1 _9p800 KES
852 1 _9p800 KES
852 1 _9p800 KES
852 1 _9p800 KES
852 1 _9p800 KES
852 1 _9p800 KES
852 1 _9p800 KES
852 1 _9p800 KES
852 1 _9p800 KES
852 1 _9p800 KES
852 1 _9p800 KES
852 1 _9p800 KES
852 1 _9p800 KES
852 1 _9p800 KES
852 1 _9p800 KES
852 1 _9p800 KES
852 1 _9p800 KES
852 1 _9p800 KES
852 1 _9p800 KES
908 _a150821
950 _@1
999 _c11664
_d11664